Echoes from the dead / (Record no. 3536)

MARC details
000 -LEADER
fixed length control field 00701nam a2200205 ar4500
001 - CONTROL NUMBER
control field 3538
005 - DATE AND TIME OF LATEST TRANSACTION
control field 20221127090752.0
008 - FIXED-LENGTH DATA ELEMENTS--GENERAL INFORMATION
fixed length control field 130929s xxka 0001f|eng d
020 ## - INTERNATIONAL STANDARD BOOK NUMBER
International Standard Book Number 9780552774635(pbk)
082 04 - DEWEY DECIMAL CLASSIFICATION NUMBER
Classification number 839.78
Item number T343 2009
100 1# - MAIN ENTRY--PERSONAL NAME
Personal name Theorin, Johan.
245 10 - TITLE STATEMENT
Title Echoes from the dead /
Statement of responsibility, etc. Johan Theorin ; translated from the Swedish by Marlaine Delargy.
260 ## - PUBLICATION, DISTRIBUTION, ETC.
Place of publication, distribution, etc. London :
Name of publisher, distributor, etc. Black Swan,
Date of publication, distribution, etc. 2009.
300 ## - PHYSICAL DESCRIPTION
Extent 479 p. :
Other physical details ill. ;
Dimensions 20 cm.
650 #4 - SUBJECT ADDED ENTRY--TOPICAL TERM
Topical term or geographic name entry element Swedish fiction
General subdivision Translations into English.
650 #4 - SUBJECT ADDED ENTRY--TOPICAL TERM
Topical term or geographic name entry element Swedish literature
Chronological subdivision 21st century.
650 #4 - SUBJECT ADDED ENTRY--TOPICAL TERM
Topical term or geographic name entry element English fiction
General subdivision Foreign countries.
650 #4 - SUBJECT ADDED ENTRY--TOPICAL TERM
Topical term or geographic name entry element Detective and mystery stories.
700 0# - ADDED ENTRY--PERSONAL NAME
Personal name Delargy, Marlaine,
Relator term translator.
Holdings
Withdrawn status Lost status Source of classification or shelving scheme Damaged status Not for loan Home library Current library Date acquired Total Checkouts Full call number Barcode Date last seen Copy number Price effective from Koha item type
              11/27/2022   839.78 T343 2009 1000000010219 11/27/2022 C1 11/27/2022 Book